INTRODUCTION TO NURSING RESEARCH (Record no. 2449)

MARC details
000 -LEADER
fixed length control field 00320nam a2200133Ia 4500
008 - FIXED-LENGTH DATA ELEMENTS--GENERAL INFORMATION
fixed length control field 150201s2005 xx 000 0 und d
082 ## - DEWEY DECIMAL CLASSIFICATION NUMBER
Classification number 610.72
Item number N05M
100 ## - MAIN ENTRY--PERSONAL NAME
Personal name MAKHIJA, NEELAM
245 ## - TITLE STATEMENT
Title INTRODUCTION TO NURSING RESEARCH
260 ## - PUBLICATION, DISTRIBUTION, ETC. (IMPRINT)
Name of publisher, distributor, etc. A.P. JAIN
Date of publication, distribution, etc. 2005
300 ## - PHYSICAL DESCRIPTION
Extent 190
650 ## - SUBJECT ADDED ENTRY--TOPICAL TERM
Topical term or geographic name as entry element NURSING
942 ## - ADDED ENTRY ELEMENTS (KOHA)
Source of classification or shelving scheme Dewey Decimal Classification
Koha item type Books
Koha issues (borrowed), all copies 11
Holdings
Withdrawn status Lost status Source of classification or shelving scheme Damaged status Not for loan Collection code Home library Current library Shelving location Date acquired Source of acquisition Cost, normal purchase price SGTU Bill Number Total Checkouts Full call number Barcode Date last seen Date last checked out Bill Date Koha item type
    Dewey Decimal Classification     NURSING SGT Medical Library SGT Medical Library Text Book 29/11/2014 KUMAR BOOK DEPO 195.00 SGTU 400 1 610.72 N05M FN2396 15/04/2024 08/04/2024 29/11/2014 Books
    Dewey Decimal Classification     NURSING SGT Medical Library SGT Medical Library Text Book 29/11/2014 KUMAR BOOK DEPO 195.00 SGTU 400 9 610.72 N05M FN2397 07/04/2026 02/04/2026 29/11/2014 Books
    Dewey Decimal Classification     NURSING SGT Medical Library SGT Medical Library Text Book 29/11/2014 KUMAR BOOK DEPO 195.00 SGTU 400 2 610.72 N05M FN2398 31/07/2023 29/07/2023 29/11/2014 Books
    Dewey Decimal Classification     NURSING SGT Medical Library SGT Medical Library Text Book 29/11/2014 KUMAR BOOK DEPO 195.00 SGTU 400 4 610.72 N05M FN2399 10/04/2024 08/04/2024 29/11/2014 Books
    Dewey Decimal Classification     NURSING SGT Medical Library SGT Medical Library Text Book 29/11/2014 KUMAR BOOK DEPO 195.00 SGTU 400 3 610.72 N05M FN2400 05/04/2024 03/04/2024 29/11/2014 Books